000 004880000a22001810004500
003 MACL
005 20150702180146.0
008 150702b xxu||||| |||| 00| 0 eng d
040 _aMACL
_cmacl
041 _aenglish
082 _a300
100 _aVyasulu, Vinod
_9427
245 _aDevelopment of Backward Areas
_bDecentralized Production and Regional Development
260 _bYatan Publications
_c1987
_aNew Delhi
350 _a125
650 _aSociology
_919
942 _cBK
_k300
_2ddc
999 _c6378
_d6378